| 000 | 01097cam a2200265 4500 | ||
|---|---|---|---|
| 001 | 1900510243 | ||
| 008 | 011112n2000 000 0 eng u | ||
| 035 | _a(Sirsi) u115548 | ||
| 041 | _aeng | ||
| 050 |
_a693.834 _c18 |
||
| 110 | _aTimber Research and Development Association | ||
| 245 | _aAcoustics performance of party floors and walls in timber framed building | ||
| 260 |
_aHigh Wycombe _bTRADA _c2000 |
||
| 300 |
_a35p. _bill _c2002 |
||
| 350 | _a15.00 | ||
| 490 |
_aTRADA Research Report _vRP 1/2000 |
||
| 520 | _aPresents the findings of a DETR sponsored research project carried out by TRADA Technology in association with BRE to identify and develop enhanced acoustical performance for timber frame buildings. Includes illustrated examples together with details of their acoustical performance. | ||
| 650 | _aBUILT ENVIRONMENT-BUILDING ELEMENTS-COMPLETE BUILDING ELEMENTS-FLOORS | ||
| 650 | _aPARTY FLOORS | ||
| 650 |
_aParty walls _96258 |
||
| 650 | _aTIMBER FRAMES | ||
| 650 | _aTIMBER-FRAMED BUILDING | ||
| 690 | _aBUILT ENVIRONMENT-BUILDING MATERIALS | ||
| 942 | _n0 | ||
| 999 |
_c101759 _d101759 |
||